000 nam a22 7a 4500
999 _c7576
_d7576
008 170921b xxu||||| |||| 00| 0 eng d
100 _94089
_aGrisham.J
245 _aThe Associate
260 _aLondan
_bGreat britan
_c2009